|
|
|
|
| LEADER |
00650nam#a2200217#a#4500 |
| 001 |
002915 |
| 005 |
20160721142623.0 |
| 008 |
960807q1960####ag##################spa#d |
| 040 |
|
|
|a AR-beUNQ
|
| 099 |
|
|
|a 12-D5
|
| 100 |
1 |
|
|a Diamand, Marcelo
|
| 245 |
1 |
3 |
|a Las empresas conjuntas latinoamericanas :
|b coincidencias y conflictos de intereses
|c Marcelo Diamand.
|
| 260 |
|
|
|a [Buenos Aires] :
|b Banco Interamericano de Desarrollo,
|c [196-]
|
| 300 |
|
|
|a 32 h
|
| 490 |
0 |
|
|a Estudios ;
|v v. 16
|
| 650 |
|
7 |
|a EMPRESAS
|2 Spines
|
| 650 |
|
7 |
|a EMPRESAS MULTINACIONALES
|2 Spines
|
| 651 |
|
7 |
|a AMERICA LATINA
|2 toit
|
| 929 |
|
|
|j 17231
|
| 942 |
|
|
|c LIB
|n 0
|
| 999 |
|
|
|c 5691
|d 81078
|